| 000 | 01683cam a22003133a 4500 | ||
|---|---|---|---|
| 001 | 12409 | ||
| 003 | PGUSA | ||
| 005 | 20140828083248.0 | ||
| 008 | 040501s2004||||xxu|||||s|||||000 | eng d | ||
| 040 |
_aPGUSA _beng |
||
| 042 | _adc | ||
| 050 | 4 | _aDS | |
| 100 | 1 |
_aHalstead, Murat, _d1829-1908 |
|
| 245 | 1 | 4 |
_aThe Story of the Philippines : _bNatural Riches, Industrial Resources, Statistics of Productions, Commerce and Population; The Laws, Habits, Customs, Scenery and Conditions of the Cuba of the East Indies and the Thousand Islands of the Archipelagoes of India and Hawaii, With Episodes of Their Early History; The Eldorado of the Orient; Personal Character Sketches of and Interviews with Admiral Dewey, General Merritt, General Aguinaldo and the Archbishop of Manila; History and Romance, Tragedies and Traditions of our Pacific Possessions; Events of the War in the West with Spain, and the Conquest of Cuba and Porto Rico _h[electronic resource] / _cMurat Halstead |
| 260 |
_bProject Gutenberg, _c2004 |
||
| 506 | _aPublic domain in the USA. | ||
| 516 | _aElectronic text | ||
| 653 | _aPuerto Rico -- History -- To 1898 | ||
| 653 | _aPhilippines -- Description and travel | ||
| 653 | _aCuba -- History -- 1810-1899 | ||
| 653 | _aDewey, George, 1837-1917 | ||
| 653 | _aPhilippines -- Social life and customs -- 19th century | ||
| 653 | _aSpanish-American War, 1898 | ||
| 653 | _aPhilippines -- History -- Revolution, 1896-1898 | ||
| 740 | 0 | _aThe Story of the Philippines and Our New Possessions, Including the Ladrones, Hawaii, Cuba and Porto Rico | |
| 830 | 0 |
_aProject Gutenberg _v12409 |
|
| 856 | 4 | 0 | _uhttp://www.gutenberg.org/ebooks/12409 |
| 942 | _cEB | ||
| 999 |
_c241664 _d241664 |
||